000
00284nam a2200097Ia 4500
001
692274
005
20250826161851.0
008
250824s9999 xx 000 0 und d
245
0
_a
SEKSEN GÜNDE DEVRİALEM (ANTİK DÜNYA KLASİKLERİ)
_c
JULES VERNE
260
_b
ANTİK DÜNYA KLASİKLERİ
999
_c
692274
_d
692274